00951nam a2200205 i 4500001000700000003000900007005001700016007000300033008004100036100004700077245020900124260004100333300002200374500007600396700003800472710006300510852003200573999001900605952012100624100259ES-MaACL20230906182635.0t|050923s1958 sp ||||1| spa d1 aMartínez Sagarra, José María.97839610aPasado y presente del prostatismo y de su tratamiento quirúrgico /cdiscurso leído por Dr. D. José María Martínez Sagarra el 10 mayo de 1958 y contestación del Dr. D. Vicente González Calvo. aValladolid : bSever Cuesta, c1958. a128 p. ; c24 cm. aPrecede al tít.: Real Academia de Medicina y Cirugía de Valladolid.1 aGonzález Calvo, Vicente.9584832 aReal Academia de Medicina y Cirugía de Valladolid.96330 aES-MaACLjC-14914 bR.42310 c100259d100259 00104070aATENEOMbATENEOMcFICHd2008-01-17eSCl0oC-14914p1104686r2023-02-23 00:00:00w2023-02-23yMONOGRAFIA